| 000 | 00758cam a2200193 4500 | ||
|---|---|---|---|
| 001 | WB3535-06 | ||
| 008 | 000000n1999 000 0 eng u | ||
| 035 | _a(Sirsi) u102636 | ||
| 245 | _aAshford collapse caused by malpractice. | ||
| 260 | _c1999 | ||
| 490 |
_aBuilding _v264(8102) 3 September 1999, 12(1) |
||
| 520 | _aHSE warns of the risk of construction defects in pre-1970 buildings. Article discusses the HSE report, "Collapse of a three-storey building" about the 1995 collapse of a single-storey office block built in 1969-70 at Ashford, Middlesex, which had had two storeys added. | ||
| 650 | _aOFFICE BUILDINGS | ||
| 650 | _aEXTENSIONS | ||
| 650 | _aALTERATIONS | ||
| 650 | _aBUILDING DEFECTS | ||
| 690 | _aBUILT ENVIRONMENT | ||
| 942 | _n0 | ||
| 999 |
_c61631 _d61631 |
||